00517nam a22001937a 450000500170000000800410001702000200005804000140007804100060009208200120009810000260011024500410013625000190017726000410019630000300023765500220026765500120028965500220030120241015123640.0241015b sa ||||| |||| 00| 1 AFR d a0799305995qhbk aRDAc3228 2A aAF BEYE1 aBeyers-Boshoff, C. F. aDie wilde een /cC.F. Beyers-Boshoff aTweede uitgawe aPretoria :bJ.P. van der Walt,c1982 a157 pagesbJacketc21 cm. 0aAfrikaans Fiction 0aRomance 0aAdventure Stories